Statistics for Select all... general knowledge

Click here to take the quiz!

General Stats

  • This quiz has been taken 12 times
  • The average score is 86 of 131

Answer Stats

QuestionTileSelect% Correct
“Big Tech Companies”AppleYes
100%
Fully European CountriesArmeniaNo
100%
MCU Infinity Saga FilmsAvengers: EndgameYes
100%
MCU Infinity Saga FilmsBladeNo
100%
Periodic Table ElementsEinsteiniumYes
100%
Fully European CountriesGermanyYes
100%
Fully European CountriesIsraelNo
100%
Fully European CountriesKazakhstanNo
100%
Fully European CountriesLiechtensteinYes
100%
Periodic Table ElementsMagnesiumYes
100%
MCU Infinity Saga FilmsMarvel’s The AvengersYes
100%
Periodic Table ElementsMaximaniumNo
100%
Fully European CountriesNorwayYes
100%
Periodic Table ElementsPizzazzium infinionideNo
100%
Fully European CountriesRussiaNo
100%
Periodic Table ElementsTungstenYes
100%
Fully European CountriesUnited KingdomYes
100%
MCU Infinity Saga FilmsAnt-Man And The WaspYes
88%
Fully European CountriesAzerbaijanNo
88%
MCU Infinity Saga FilmsCaptain America: Civil WarYes
88%
MCU Infinity Saga FilmsCaptain America: Winter SoldierYes
88%
Disney SubsidiariesColumbia PicturesNo
88%
Coca-Cola DrinksCravendale Semi-Skimmed MilkNo
88%
Fully European CountriesCzech Republic /CzechiaYes
88%
Countries That Are In The Top 20 Medal Winners Of The Rio 2016 OlympicsDenmarkNo
88%
MCU Infinity Saga FilmsFalcon And The Winter SolderNo
88%
MCU Infinity Saga FilmsFantastic Four: Rise Of The Silver SurferNo
88%
MCU Infinity Saga FilmsIron ManYes
88%
MCU Infinity Saga FilmsIron Man 3Yes
88%
Musical Artists That Worked With DJ Khaled On “I’m The One”Justin BieberYes
88%
MCU Infinity Saga FilmsLoganNo
88%
“Big Tech Companies”MicrosoftYes
88%
Coca-Cola DrinksMountain DewNo
88%
Fully European CountriesNorth MacedoniaYes
88%
Disney SubsidiariesPixarYes
88%
Fully European CountriesPortugalYes
88%
“Big Tech Companies”SamsungYes
88%
Billion Dollar MoviesSpectreNo
88%
Fully European CountriesTurkeyNo
88%
Fully European CountriesVatican CityYes
88%
Billion Dollar MoviesVenomNo
88%
Coca-Cola Drinks7-upNo
75%
“Big Tech Companies”AmazonNo
75%
Billion Dollar MoviesAvengers: EndgameYes
75%
MCU Infinity Saga FilmsBlack PantherYes
75%
Countries That Are In The Top 20 Medal Winners Of The Rio 2016 OlympicsBrazilYes
75%
Periodic Table ElementsCaliforniumYes
75%
MCU Infinity Saga FilmsCaptain MarvelYes
75%
Countries That Are In The Top 20 Medal Winners Of The Rio 2016 OlympicsChinaYes
75%
MCU Infinity Saga FilmsDeadpoolNo
75%
Billion Dollar MoviesDespicable Me 2No
75%
Coca-Cola DrinksDiet CokeYes
75%
MCU Infinity Saga FilmsDoctor StrangeYes
75%
MCU Infinity Saga FilmsDoctor Strange In The Multiverse Of MadnessNo
75%
Coca-Cola DrinksFantaYes
75%
Fully European CountriesGeorgiaNo
75%
“Big Tech Companies”GoogleYes
75%
Countries That Are In The Top 20 Medal Winners Of The Rio 2016 OlympicsGreat BritainYes
75%
MCU Infinity Saga FilmsGuardians Of The Galaxy Vol. 2Yes
75%
Billion Dollar MoviesHarry Potter And The Deathly Hallows Part 1No
75%
JetPunk Quizzes With Over A Million Plays (As Of 2nd June 2020)Major League Baseball Teams (MLB)No
75%
Fully European CountriesMaltaYes
75%
Disney SubsidiariesMarvel EntertainmentYes
75%
MCU Infinity Saga FilmsSpider-Man Into The Spider-VerseNo
75%
Coca-Cola DrinksSpriteYes
75%
Countries That Are In The Top 20 Medal Winners Of The Rio 2016 OlympicsSwitzerlandNo
75%
MCU Infinity Saga FilmsThor: Love And ThunderNo
75%
Billion Dollar MoviesTitanicYes
75%
Periodic Table ElementsVibraniumNo
75%
JetPunk Quizzes With Over A Million Plays (As Of 2nd June 2020)World Capitals QuizYes
75%
MCU Infinity Saga FilmsX-Men First ClassNo
75%
JetPunk Quizzes With Over A Million Plays (As Of 2nd June 2020)12 Months In 15 SecondsYes
63%
JetPunk Quizzes With Over A Million Plays (As Of 2nd June 2020)40 Historical People That Everyone Should KnowNo
63%
Countries That Are In The Top 20 Medal Winners Of The Rio 2016 OlympicsArgentinaNo
63%
Billion Dollar MoviesAvengers: Infinity WarYes
63%
MCU Infinity Saga FilmsBlack WidowNo
63%
Countries That Are In The Top 20 Medal Winners Of The Rio 2016 OlympicsCanadaYes
63%
Musical Artists That Worked With DJ Khaled On “I’m The One”DrakeNo
63%
Countries That Are In The Top 20 Medal Winners Of The Rio 2016 OlympicsGreeceNo
63%
MCU Infinity Saga FilmsHulkNo
63%
Countries That Are In The Top 20 Medal Winners Of The Rio 2016 OlympicsIndonesiaNo
63%
Disney SubsidiariesLucasFilmsYes
63%
JetPunk Quizzes With Over A Million Plays (As Of 2nd June 2020)Name That Fruit QuizNo
63%
Musical Artists That Worked With DJ Khaled On “I’m The One”QuavoYes
63%
Countries That Are In The Top 20 Medal Winners Of The Rio 2016 OlympicsRussiaYes
63%
“Big Tech Companies”SonyYes
63%
Countries That Are In The Top 20 Medal Winners Of The Rio 2016 OlympicsSouth AfricaNo
63%
MCU Infinity Saga FilmsSpider-Man: Far From HomeYes
63%
Billion Dollar MoviesThe Lion King (1994)No
63%
JetPunk Quizzes With Over A Million Plays (As Of 2nd June 2020)Typing Fast A To ZYes
63%
MCU Infinity Saga FilmsX-Men Origins: WolverineNo
63%
Disney Subsidiaries20th Century FoxYes
50%
Periodic Table ElementsAdimantiumNo
50%
Billion Dollar MoviesAvengers: Age Of UltronYes
50%
JetPunk Quizzes With Over A Million Plays (As Of 2nd June 2020)Countries By First Two Letters In 90 SecondsYes
50%
Disney SubsidiariesDreamworks EntertainmentNo
50%
JetPunk Quizzes With Over A Million Plays (As Of 2nd June 2020)Europe Map QuizYes
50%
JetPunk Quizzes With Over A Million Plays (As Of 2nd June 2020)Name The Planets QuizNo
50%
MCU Infinity Saga FilmsSpider-Man 2No
50%
Billion Dollar MoviesThe Lord Of The Rings: The Return Of The KingYes
50%
JetPunk Quizzes With Over A Million Plays (As Of 2nd June 2020)US Presidents QuizYes
50%
JetPunk Quizzes With Over A Million Plays (As Of 2nd June 2020)Word Scramble - CountriesNo
50%
JetPunk Quizzes With Over A Million Plays (As Of 2nd June 2020)Countries By Borders In 90 SecondsYes
38%
Billion Dollar MoviesJurassic World: Fallen KingdomYes
38%
Countries That Are In The Top 20 Medal Winners Of The Rio 2016 OlympicsKenyaYes
38%
Billion Dollar MoviesMarvel’s The AvengersYes
38%
Periodic Table ElementsRoentgeniumYes
38%
Billion Dollar MoviesThe Lion King (2019)Yes
38%
Billion Dollar MoviesThe Lord Of The Rings: Fellowship Of The RingNo
38%
Billion Dollar MoviesToy Story 4Yes
38%
Coca-Cola DrinksAppletiserYes
25%
Musical Artists That Worked With DJ Khaled On “I’m The One”Chance the RapperYes
25%
Countries That Are In The Top 20 Medal Winners Of The Rio 2016 OlympicsCubaYes
25%
Coca-Cola DrinksDr. PepperYes
25%
Coca-Cola DrinksGlacéau SmartWaterYes
25%
Billion Dollar MoviesHarry Potter And The Deathly Hallows Part 2Yes
25%
Countries That Are In The Top 20 Medal Winners Of The Rio 2016 OlympicsNew ZealandYes
25%
JetPunk Quizzes With Over A Million Plays (As Of 2nd June 2020)NFL Football Teams QuizYes
25%
Coca-Cola DrinksOasisYes
25%
JetPunk Quizzes With Over A Million Plays (As Of 2nd June 2020)Random Capital To CountryYes
25%
Coca-Cola DrinksSchweppesYes
25%
Billion Dollar MoviesThe Dark KnightYes
25%
Billion Dollar MoviesTransformers: Age Of ExtinctionYes
25%
JetPunk Quizzes With Over A Million Plays (As Of 2nd June 2020)100 Most Common English Words QuizNo
13%
Billion Dollar MoviesAquamanYes
13%
Coca-Cola DrinksCosta Coffee CappuccinoYes
13%
JetPunk Quizzes With Over A Million Plays (As Of 2nd June 2020)Country Flags Quiz #1No
13%
Disney SubsidiariesESPNYes
13%
Disney SubsidiariesHuluYes
13%
Countries That Are In The Top 20 Medal Winners Of The Rio 2016 OlympicsHungaryYes
13%
Billion Dollar MoviesSkyfallYes
13%

Score Distribution

Percentile by Number Answered

Percent of People with Each Score

Your Score History

You have not taken this quiz